[Event "SR 2. liga A 2012/2013"]
[Site "?"]
[Date "2012.12.16"]
[Round "34.6"]
[White "Merva, Frantisek"]
[Black "Kosar, Mikulas"]
[Result "1-0"]
[WhiteElo "2006"]
[BlackElo "1968"]
[PlyCount "54"]
[EventDate "2012.??.??"]
[WhiteTeam "D. Streda B"]
[BlackTeam "Gabcikovo"]

1. d4 Nf6 2. c4 d5 3. cxd5 Nxd5 4. e4 Nf6 5. Nc3 e6 6. Be3 Be7 7. Bd3 O-O 8.
Rc1 Nc6 9. Bb1 Bb4 10. Nf3 Ng4 11. Bf4 f5 12. exf5 Bxc3+ 13. bxc3 exf5 14. Qb3+
Kh8 15. O-O Na5 16. Qb4 Nc6 17. Qb3 h6 18. Rfe1 Na5 19. Qb4 Nc6 20. Qa3 b6 21.
Bxc7 Qf6 22. h3 Nxf2 23. Kxf2 Bb7 24. d5 Na5 25. c4 Rfe8 26. Be5 Qf7 27. Qe3
Rac8 1-0

[Event "SR 2. liga A 2012/2013"]
[Site "?"]
[Date "2012.12.16"]
[Round "34.7"]
[White "Puobis, Jozef"]
[Black "Ujhelyi, Matus"]
[Result "0-1"]
[WhiteElo "1910"]
[BlackElo "1977"]
[PlyCount "124"]
[EventDate "2012.??.??"]
[WhiteTeam "Gabcikovo"]
[BlackTeam "D. Streda B"]

1. e4 e6 2. d4 d5 3. Nc3 dxe4 4. Nxe4 Nd7 5. Nf3 Ngf6 6. Bg5 Be7 7. Nxf6+ Nxf6
8. Bd3 O-O 9. O-O b6 10. Bxf6 Bxf6 11. Be4 Rb8 12. Re1 Bb7 13. Qd3 Bxe4 14.
Qxe4 c5 15. Rad1 Qc7 16. c3 Rfd8 17. Ne5 Rd6 18. Ng4 Be7 19. Qf4 Rbd8 20. Rd3
h6 21. Nxh6+ gxh6 22. Rg3+ Kf8 23. Qxh6+ Ke8 24. Rg8+ Kd7 25. Rg7 cxd4 26. Rxf7
Re8 27. cxd4 Qc4 28. Rf4 Qxa2 29. Qg6 Qxb2 30. Qe4 Qc3 31. Qb1 Rf8 32. Rxf8
Bxf8 33. Rc1 Qa5 34. Qc2 Qa6 35. Qc7+ Ke8 36. Qh7 Be7 37. Qg8+ Kd7 38. Qb8 Rc6
39. Rd1 Qa4 40. Qb7+ Ke8 41. Re1 Bb4 42. Qb8+ Kd7 43. d5 exd5 44. Qe8+ Kc7 45.
Qf7+ Kb8 46. Qe8+ Kb7 47. Qd7+ Ka6 48. Rf1 Qb5 49. h4 Qc4 50. Ra1+ Ba5 51. Rd1
Rh6 52. g3 Rh5 53. Qf7 Rxh4 54. Qxd5 Qxd5 55. Rxd5 Rc4 56. f4 b5 57. f5 b4 58.
f6 b3 59. Rd6+ Kb5 60. f7 Rc8 61. Kf2 Rf8 62. Rd7 b2 0-1

[Event "SR 2. liga A 2012/2013"]
[Site "?"]
[Date "2012.12.16"]
[Round "34.8"]
[White "Kahancova, Jana"]
[Black "Kubica, Adrian"]
[Result "0-1"]
[WhiteElo "1597"]
[BlackElo "1845"]
[PlyCount "92"]
[EventDate "2012.??.??"]
[WhiteTeam "D. Streda B"]
[BlackTeam "Gabcikovo"]

1. e4 e5 2. Nf3 Nf6 3. Nc3 d6 4. Bc4 Be7 5. d3 O-O 6. O-O Bg4 7. h3 Bh5 8. Be3
Nc6 9. a3 Nd4 10. Bxd4 exd4 11. Nd5 Nxd5 12. Bxd5 c6 13. Bb3 c5 14. Re1 Kh8 15.
g4 Bg6 16. Kg2 f6 17. Rh1 Bf7 18. c4 dxc3 19. bxc3 d5 20. e5 c4 21. Bc2 Qa5 22.
Qe1 cxd3 23. Bxd3 fxe5 24. Nxe5 Bf6 25. Nxf7+ Rxf7 26. Qe6 Raf8 27. Rhf1 Bxc3
28. Ra2 d4 29. Qe4 g6 30. Kg1 Qc5 31. a4 Re7 32. Qg2 a6 33. Rb1 Qc7 34. Be4 b6
35. Bd3 a5 36. h4 Bb4 37. Rc2 Bc5 38. Rd1 Qd7 39. Bb5 Qd6 40. Bd3 Kg7 41. h5
Qf4 42. Rf1 gxh5 43. gxh5+ Kh8 44. Kh1 Rg7 45. Qe4 Qf3+ 46. Qxf3 Rxf3 0-1

[Event "SR 2. liga A 2012/2013"]
[Site "?"]
[Date "2012.12.16"]
[Round "35.1"]
[White "Kovacocy, Pavel"]
[Black "Banas, Kamil"]
[Result "0-1"]
[WhiteElo "2221"]
[BlackElo "2228"]
[PlyCount "70"]
[EventDate "2012.??.??"]
[WhiteTeam "Trnava B"]
[BlackTeam "Modra B"]

1. c4 c5 2. g3 Nc6 3. Bg2 g6 4. e3 Bg7 5. Ne2 e5 6. Nbc3 Nge7 7. d3 O-O 8. O-O
d6 9. h3 Be6 10. Kh2 d5 11. Qa4 Qd7 12. Rd1 Rad8 13. e4 dxc4 14. dxc4 Nd4 15.
Qxa7 Ra8 16. Qxc5 Rfc8 17. Qb6 Ra6 18. Qb5 Nxb5 19. Rxd7 Nxc3 20. Rxe7 Nxe2 21.
Be3 Bxc4 22. Bf1 Nd4 23. Bxc4 Rxc4 24. Rxb7 Ra8 25. b3 Rc2 26. a4 Rb2 27. Bxd4
exd4 28. a5 d3 29. Rd1 Rxf2+ 30. Kh1 Rxa5 31. Rb8+ Bf8 32. Rd8 Raa2 33. b4 Kg7
34. R8xd3 Bxb4 35. Rc1 Bc5 0-1

[Event "SR 2. liga A 2012/2013"]
[Site "?"]
[Date "2012.12.16"]
[Round "35.2"]
[White "Mydlarik, Martin"]
[Black "Drtina, Milan"]
[Result "1/2-1/2"]
[WhiteElo "2114"]
[BlackElo "2202"]
[PlyCount "91"]
[EventDate "2012.??.??"]
[WhiteTeam "Modra B"]
[BlackTeam "Trnava B"]

1. e4 e5 2. f4 exf4 3. Nf3 g5 4. Bc4 Bg7 5. O-O h6 6. d4 c6 7. e5 d5 8. exd6
Qxd6 9. Nc3 Ne7 10. Ne4 Qg6 11. Re1 Bf5 12. Nc5 b6 13. Nd3 Bxd3 14. Bxd3 Qd6
15. Qe2 Nd7 16. c3 Kf8 17. Nd2 Nd5 18. Ne4 Qc7 19. Bd2 Re8 20. Qg4 N7f6 21.
Nxf6 Rxe1+ 22. Rxe1 Bxf6 23. Kh1 Kg7 24. c4 Ne7 25. Bc3 Qd6 26. Qf3 Rd8 27. Bc2
Ng6 28. Re4 Rd7 29. a3 Nh4 30. Qd3 Ng6 31. Qe2 Re7 32. Bd3 Rxe4 33. Qxe4 c5 34.
dxc5 bxc5 35. Bxf6+ Qxf6 36. Qe2 Qd4 37. Bxg6 Kxg6 38. h3 h5 39. b4 Qd6 40.
Qe4+ Kf6 41. bxc5 Qxc5 42. a4 a5 43. h4 Qd6 44. hxg5+ Kxg5 45. Qc2 Qc5 46. Qe4
1/2-1/2

[Event "SR 2. liga A 2012/2013"]
[Site "?"]
[Date "2012.12.16"]
[Round "35.3"]
[White "Arendas, Marek"]
[Black "Kundrak, Vladimir"]
[Result "1-0"]
[WhiteElo "2085"]
[BlackElo "1964"]
[PlyCount "67"]
[EventDate "2012.??.??"]
[WhiteTeam "Trnava B"]
[BlackTeam "Modra B"]

1. e4 e6 2. d4 d5 3. exd5 exd5 4. c4 Nf6 5. Nc3 Bb4 6. h3 O-O 7. Nf3 c6 8. Be2
dxc4 9. Bxc4 Nbd7 10. O-O Nb6 11. Bb3 Nbd5 12. Qd3 Be6 13. Ng5 Qd7 14. Bc2 g6
15. Nxe6 Qxe6 16. f4 Rfe8 17. f5 Qd7 18. Qf3 Bf8 19. fxg6 fxg6 20. Bb3 Bg7 21.
Bf4 Kh8 22. Be5 Rad8 23. Rad1 h6 24. Qd3 Kh7 25. Bc2 Qf7 26. Nxd5 Rxd5 27. Bb3
Rexe5 28. dxe5 Rxd3 29. Bxf7 Rxd1 30. Rxd1 Ne4 31. e6 Bf8 32. Rd7 Nc5 33. e7
Nxd7 34. e8=Q 1-0

[Event "SR 2. liga A 2012/2013"]
[Site "?"]
[Date "2012.12.16"]
[Round "35.4"]
[White "Sustak, Roman"]
[Black "Doucha, Ludvik"]
[Result "1-0"]
[WhiteElo "1917"]
[BlackElo "2072"]
[PlyCount "87"]
[EventDate "2012.??.??"]
[WhiteTeam "Modra B"]
[BlackTeam "Trnava B"]

1. d4 Nf6 2. c4 e5 3. d5 Bc5 4. e3 O-O 5. Nc3 e4 6. a3 a5 7. Nge2 d6 8. Na4 Ba7
9. b4 Na6 10. Rb1 Ng4 11. Nd4 Qh4 12. Qc2 Nxh2 13. Rg1 Ng4 14. Nc3 Bxd4 15.
exd4 Qh2 16. Ne2 Bf5 17. Be3 axb4 18. a4 Nxe3 19. fxe3 Bg4 20. g3 Bf3 21. c5 g5
22. Rb2 Kh8 23. Qc1 Rg8 24. Kd2 Rg6 25. g4 Rf6 26. Rg3 Rh6 27. c6 b6 28. Qe1
Rh4 29. Kc1 b3 30. Ng1 Qh1 31. Nh3 Nb4 32. Nf2 Qh2 33. Nh3 Qh1 34. Nf2 Nd3+ 35.
Nxd3 exd3 36. Qf2 Rxa4 37. Rxf3 Ra1+ 38. Rb1 Rh2 39. Rxa1 Rxf2 40. Rxf2 Qxd5
41. Bxd3 Qxc6+ 42. Kb2 Kg7 43. Raf1 Qe8 44. Bc4 1-0

[Event "SR 2. liga A 2012/2013"]
[Site "?"]
[Date "2012.12.16"]
[Round "35.5"]
[White "Liptak, Dusan"]
[Black "Soldan, Jan"]
[Result "1-0"]
[WhiteElo "2060"]
[BlackElo "1837"]
[PlyCount "73"]
[EventDate "2012.??.??"]
[WhiteTeam "Trnava B"]
[BlackTeam "Modra B"]

1. d4 Nf6 2. Nf3 d6 3. c4 g6 4. Nc3 Nbd7 5. g3 Bg7 6. Bg2 O-O 7. O-O e5 8. e4
Re8 9. Re1 Nb6 10. b3 Bg4 11. Be3 exd4 12. Bxd4 c5 13. Bxf6 Qxf6 14. Rc1 Re7
15. h3 Bxf3 16. Bxf3 Rae8 17. Bg2 h5 18. h4 Qe6 19. Qd2 Kh7 20. a4 Bd4 21. Nb5
Bg7 22. Nxa7 Bh6 23. f4 f5 24. Nb5 Nc8 25. Bh3 Qf6 26. exf5 gxf5 27. Nc7 Rg8
28. Rxe7+ Nxe7 29. Kh2 Qg6 30. Qd3 Kh8 31. Re1 Qg7 32. Nb5 Qb2+ 33. Re2 Qc1 34.
Qxd6 Ng6 35. Qf6+ Kh7 36. Bxf5 Qf1 37. Re7+ 1-0

[Event "SR 2. liga A 2012/2013"]
[Site "?"]
[Date "2012.12.16"]
[Round "35.6"]
[White "Petrakovic, Kamil"]
[Black "Puchart, Vladimir"]
[Result "0-1"]
[WhiteElo "1871"]
[BlackElo "2051"]
[PlyCount "102"]
[EventDate "2012.??.??"]
[WhiteTeam "Modra B"]
[BlackTeam "Trnava B"]

1. e4 c5 2. Nf3 d6 3. Nc3 Nf6 4. Be2 a6 5. O-O Nbd7 6. h3 b5 7. a3 Bb7 8. d3 e6
9. Bg5 Be7 10. Rb1 O-O 11. Qc1 Rc8 12. Re1 Qc7 13. Nd1 Nb6 14. Ne3 c4 15. Nf1
cxd3 16. cxd3 Qxc1 17. Rbxc1 Na4 18. b4 Nc3 19. Ng3 Rc7 20. Nd4 Rfc8 21. Bf1
Kf8 22. Bd2 Nd7 23. Nge2 Nxe2+ 24. Bxe2 Bf6 25. Rxc7 Rxc7 26. Rc1 Rxc1+ 27.
Bxc1 Bxd4 28. Kf1 d5 29. f3 dxe4 30. dxe4 Ne5 31. Ke1 Ke7 32. Kd2 f5 33. exf5
exf5 34. Kc2 Bd5 35. f4 Nc4 36. g4 Kd6 37. h4 fxg4 38. Bxg4 Ne3+ 39. Bxe3 Bxe3
40. Bc8 Bxf4 41. Bxa6 Kc6 42. Bc8 Bf3 43. Be6 Bg3 44. Kd3 Bxh4 45. Bf7 Bf6 46.
a4 bxa4 47. Be8+ Kd6 48. Bxa4 h5 49. Ke3 Bd5 50. Bd1 h4 51. Bg4 Kc6 0-1

[Event "SR 2. liga A 2012/2013"]
[Site "?"]
[Date "2012.12.16"]
[Round "35.7"]
[White "Sturdik, Igor"]
[Black "Hlubovic, Michal"]
[Result "1-0"]
[WhiteElo "2027"]
[BlackElo "1834"]
[PlyCount "119"]
[EventDate "2012.??.??"]
[WhiteTeam "Trnava B"]
[BlackTeam "Modra B"]

1. e4 d6 2. d4 Nf6 3. Nc3 e5 4. Nf3 Nbd7 5. Bc4 Be7 6. O-O O-O 7. h3 c6 8. a4
b6 9. Qe2 a6 10. Rd1 Qc7 11. Bg5 Bb7 12. dxe5 dxe5 13. Ba2 h6 14. Be3 b5 15.
Nd2 b4 16. Ncb1 c5 17. f3 a5 18. Bc4 Bc6 19. Bb5 Rfb8 20. Bxc6 Qxc6 21. b3 Nh5
22. Nc4 Bg5 23. Bxg5 hxg5 24. Qd2 Qf6 25. Qd6 Rd8 26. Qxf6 gxf6 27. Nbd2 Nf8
28. Nf1 Ne6 29. Rxd8+ Rxd8 30. Nxa5 Nd4 31. Ne3 Ne2+ 32. Kf2 Nc3 33. Nac4 Nf4
34. a5 Nb5 35. a6 Na7 36. Ra5 Ne6 37. Nd5 f5 38. Ne7+ Kf8 39. Nxf5 f6 40. Nfe3
Rc8 41. Nd5 Nd4 42. Nce3 Rc6 43. Ke1 Kf7 44. Kd2 Ke6 45. Kd3 Ndb5 46. c3 bxc3
47. Nxc3 Nd4 48. Kc4 Rb6 49. Ra3 Kd6 50. Ned5 Rb8 51. Nxf6 Rb4+ 52. Kd3 Nxb3
53. Nfd5 Rd4+ 54. Kc2 c4 55. Ra2 Rd2+ 56. Kb1 Rd3 57. Kb2 Kc5 58. Ka3 Nc1 59.
Rc2 Rxc3+ 60. Nxc3 1-0

[Event "SR 2. liga A 2012/2013"]
[Site "?"]
[Date "2012.12.16"]
[Round "35.8"]
[White "Horvath, Marek"]
[Black "Puskar, Peter"]
[Result "0-1"]
[WhiteElo "1830"]
[BlackElo "2004"]
[PlyCount "76"]
[EventDate "2012.??.??"]
[WhiteTeam "Modra B"]
[BlackTeam "Trnava B"]

1. Nf3 Nf6 2. b3 g6 3. Bb2 Bg7 4. c4 O-O 5. e3 c5 6. d4 d6 7. Be2 a6 8. O-O
Nfd7 9. Qc2 Nc6 10. a3 Rb8 11. Rd1 Qc7 12. Nc3 e6 13. d5 Ne7 14. Ng5 e5 15. e4
h6 16. Nf3 f5 17. Ne1 Nf6 18. f3 f4 19. b4 b6 20. Nd3 g5 21. bxc5 bxc5 22. Rab1
Ng6 23. Na4 g4 24. Bc3 Rxb1 25. Rxb1 gxf3 26. Bxf3 Bg4 27. Rb6 Bxf3 28. gxf3
Nh5 29. Qb2 Nh4 30. Qf2 Qe7 31. Ne1 Rf6 32. Kf1 Rg6 33. Nb2 Ng3+ 34. hxg3 fxg3
35. Qe2 Qd7 36. Nd1 Qh3+ 37. Kg1 g2 38. Nf2 Qh2+ 0-1

[Event "SR 2. liga A 2012/2013"]
[Site "?"]
[Date "2012.12.16"]
[Round "36.1"]
[White "Kundrik, Peter"]
[Black "Pagerka, Martin"]
[Result "1-0"]
[WhiteElo "2248"]
[BlackElo "2261"]
[PlyCount "150"]
[EventDate "2012.??.??"]
[WhiteTeam "Piestany"]
[BlackTeam "Osuske B"]

1. e4 c5 2. Nf3 Nc6 3. c3 e6 4. d4 d5 5. e5 Bd7 6. Be2 Nge7 7. O-O h6 8. dxc5
Ng6 9. b4 a5 10. Bd3 axb4 11. Bxg6 fxg6 12. Qd3 Kf7 13. Nbd2 bxc3 14. Qxc3 Qa5
15. Qb3 Bxc5 16. Qxb7 Ra7 17. Qb1 Qa4 18. Nb3 Bb6 19. Be3 d4 20. Bd2 Qc4 21.
Qe4 Qd5 22. Qf4+ Ke7 23. Qh4+ Ke8 24. Qg4 Kf7 25. Qf4+ Kg8 26. Rfe1 Kh7 27. Qg3
Rf8 28. Nc1 d3 29. Nxd3 Rxf3 30. Qxf3 Qxf3 31. gxf3 Nd4 32. Red1 Ba4 33. Rdb1
Bb5 34. Ne1 Bc5 35. Be3 Bc6 36. Kf1 Rd7 37. Rc1 Bb5+ 38. Kg2 Ba7 39. a4 Ba6 40.
Rd1 g5 41. Rd2 g4 42. fxg4 Bb7+ 43. Kg3 g5 44. f4 gxf4+ 45. Bxf4 Rc7 46. Ra3
Be4 47. Be3 Nc6 48. Bxa7 Rxa7 49. Kf4 Bd5 50. Rxd5 exd5 51. Nd3 Nd4 52. Nb4 Ra5
53. Ke3 Ne6 54. Nc6 Ra6 55. Nd4 Nc5 56. a5 Kg6 57. h4 h5 58. g5 Ne4 59. e6 Nc5
60. Kf4 Nxe6+ 61. Nxe6 Rxe6 62. a6 Re4+ 63. Kf3 Rxh4 64. Ra5 Rh3+ 65. Kg2 Rc3
66. a7 Rc2+ 67. Kg3 Rc3+ 68. Kf4 Rc4+ 69. Ke5 Rc8 70. a8=Q Rxa8 71. Rxa8 Kxg5
72. Rg8+ Kh4 73. Kxd5 Kh3 74. Ke4 h4 75. Kf3 Kh2 1-0

[Event "SR 2. liga A 2012/2013"]
[Site "?"]
[Date "2012.12.16"]
[Round "36.2"]
[White "Cajka, Tibor"]
[Black "Seitler, Andrej"]
[Result "0-1"]
[WhiteElo "2170"]
[BlackElo "2223"]
[PlyCount "96"]
[EventDate "2012.??.??"]
[WhiteTeam "Osuske B"]
[BlackTeam "Piestany"]

1. d4 Nf6 2. Bg5 Ne4 3. Bf4 d5 4. Nd2 f5 5. Ngf3 e6 6. e3 Bd6 7. Ne5 O-O 8.
Nxe4 fxe4 9. Be2 c5 10. Bg3 Bxe5 11. Bxe5 Nc6 12. Bg3 cxd4 13. exd4 Qb6 14. Bd6
Rf7 15. Bc5 Qxb2 16. O-O Qc3 17. Rb1 Qa5 18. Bh5 g6 19. Rb3 Qd8 20. Rg3 Qf6 21.
c3 b6 22. Qa4 Bb7 23. Ba3 Na5 24. Be2 e5 25. f3 Qc6 26. Qxc6 Nxc6 27. fxe4
Rxf1+ 28. Bxf1 dxe4 29. Bc4+ Kg7 30. Bd5 Na5 31. Bxb7 Nxb7 32. Re3 Rc8 33. d5
Rc4 34. Bb2 Nd6 35. Ba3 Nb7 36. Bb2 Nc5 37. Ba3 Kf6 38. Rh3 h5 39. d6 Ke6 40.
Rg3 Kxd6 41. Rxg6+ Kd5 42. Rg5 Nd3 43. Rg6 Rxc3 44. Rd6+ Kc4 45. Rc6+ Kd4 46.
Rxc3 Kxc3 47. Kf1 Kd2 48. Bf8 e3 0-1

[Event "SR 2. liga A 2012/2013"]
[Site "?"]
[Date "2012.12.16"]
[Round "36.3"]
[White "Abel, Peter"]
[Black "Bury, Rastislav"]
[Result "0-1"]
[WhiteElo "2194"]
[BlackElo "2099"]
[PlyCount "130"]
[EventDate "2012.??.??"]
[WhiteTeam "Piestany"]
[BlackTeam "Osuske B"]

1. c4 e5 2. Nc3 Nc6 3. g3 g6 4. Bg2 Nge7 5. e3 Bg7 6. Nge2 d6 7. a3 Bf5 8. d3
Qd7 9. h3 Rb8 10. Nd5 a6 11. e4 Be6 12. Bg5 Ng8 13. Rb1 Nce7 14. d4 f6 15. Be3
Nxd5 16. cxd5 Bf7 17. O-O Ne7 18. dxe5 dxe5 19. Qd2 O-O 20. Rfd1 Rfd8 21. Qa5
c6 22. Bb6 Re8 23. Bc7 Ra8 24. d6 Nc8 25. h4 Be6 26. b3 Bf8 27. Qd2 a5 28. Nc3
Nxd6 29. Bxd6 Rad8 30. Bxf8 Qxd2 31. Rxd2 Rxd2 32. Bh6 Rc2 33. Nd1 Rd8 34. Bf1
Ra2 35. Ne3 Rxa3 36. Nc4 Ra2 37. Be3 b5 38. Nxa5 Rxa5 39. Bb6 Raa8 40. Bxd8
Rxd8 41. Be2 Kf7 42. f3 Ke7 43. Kf2 Ra8 44. b4 Ra3 45. Rb2 Rb3 46. Rxb3 Bxb3
47. Ke3 Kd6 48. Kd2 c5 49. Kc3 Ba4 50. f4 c4 51. Bg4 exf4 52. gxf4 h6 53. Bf3
g5 54. fxg5 fxg5 55. hxg5 hxg5 56. Kd4 Bc2 57. Bg4 Bd3 58. Bf3 Bf1 59. e5+ Kd7
60. Bg4+ Ke7 61. Bf3 Bh3 62. Bc6 Bd7 63. Bd5 g4 64. Be4 g3 65. Bg2 Bf5 0-1

[Event "SR 2. liga A 2012/2013"]
[Site "?"]
[Date "2012.12.16"]
[Round "36.4"]
[White "Jozefek, Michal"]
[Black "Mihalik, Marek"]
[Result "1-0"]
[WhiteElo "2060"]
[BlackElo "2019"]
[PlyCount "59"]
[EventDate "2012.??.??"]
[WhiteTeam "Osuske B"]
[BlackTeam "Piestany"]

1. d4 Nf6 2. c4 e6 3. Nc3 Bb4 4. Qc2 c5 5. dxc5 Bxc5 6. Nf3 O-O 7. e3 Nc6 8.
Be2 a6 9. O-O Qe7 10. e4 h6 11. a3 d6 12. b4 Ba7 13. Rb1 Rd8 14. Bb2 e5 15.
Rbc1 Bg4 16. Nd5 Nxd5 17. cxd5 Bxf3 18. dxc6 Bxe2 19. Qxe2 b5 20. Rfd1 Qc7 21.
Rc2 Rab8 22. Bc1 Bd4 23. Qg4 Kf8 24. Rd3 Rb6 25. Rg3 g6 26. Bxh6+ Ke8 27. Bg5
Rc8 28. Rh3 f5 29. Rh8+ Kf7 30. Rh7+ 1-0

[Event "SR 2. liga A 2012/2013"]
[Site "?"]
[Date "2012.12.16"]
[Round "36.5"]
[White "Manak, Jozef"]
[Black "Spacek, Oliver"]
[Result "0-1"]
[WhiteElo "2020"]
[BlackElo "1977"]
[PlyCount "72"]
[EventDate "2012.??.??"]
[WhiteTeam "Piestany"]
[BlackTeam "Osuske B"]

1. Nf3 g6 2. g3 Bg7 3. Bg2 d6 4. O-O e5 5. d3 f5 6. c4 Nf6 7. Nc3 Nc6 8. a3 a5
9. Rb1 O-O 10. Bd2 h6 11. Qc2 g5 12. e3 Ne7 13. Rfc1 c6 14. b4 axb4 15. axb4
Ng6 16. d4 e4 17. Ne1 Be6 18. Ne2 Rc8 19. Ra1 b5 20. c5 Bc4 21. Bf1 d5 22. Ra5
h5 23. Rca1 Bh6 24. Qc1 Rc7 25. Qa3 Ne8 26. Ng2 Rg7 27. Nc3 Bxf1 28. Rxf1 f4
29. Ra6 Qd7 30. Rb6 Nc7 31. Rb7 f3 32. Ne1 Qh3 33. Qa7 Nh4 34. Rxc7 Ng2 35.
Rxg7+ Bxg7 36. Kh1 Nxe3 0-1

[Event "SR 2. liga A 2012/2013"]
[Site "?"]
[Date "2012.12.16"]
[Round "36.7"]
[White "Bincik, Pavol"]
[Black "Pericka, Tomas"]
[Result "1/2-1/2"]
[WhiteElo "1937"]
[BlackElo "2029"]
[PlyCount "26"]
[EventDate "2012.??.??"]
[WhiteTeam "Piestany"]
[BlackTeam "Osuske B"]

1. d4 Nf6 2. c4 g6 3. Nc3 d5 4. cxd5 Nxd5 5. e4 Nxc3 6. bxc3 Bg7 7. Bc4 O-O 8.
Nf3 c5 9. O-O Bg4 10. Rb1 Nc6 11. Be2 cxd4 12. cxd4 Qa5 13. Qd2 Qxd2 1/2-1/2

[Event "SR 2. liga A 2012/2013"]
[Site "?"]
[Date "2012.12.16"]
[Round "36.8"]
[White "Diviak, Rastislav"]
[Black "Slaby, Jozef"]
[Result "1/2-1/2"]
[WhiteElo "2017"]
[BlackElo "1890"]
[PlyCount "100"]
[EventDate "2012.??.??"]
[WhiteTeam "Osuske B"]
[BlackTeam "Piestany"]

1. e4 c6 2. d4 d5 3. Nc3 dxe4 4. Nxe4 Bf5 5. Ng3 Bg6 6. h4 h6 7. Nf3 Nd7 8. h5
Bh7 9. Bd3 Bxd3 10. Qxd3 e6 11. Bd2 Qc7 12. O-O-O Ngf6 13. Ne4 O-O-O 14. g3
Nxe4 15. Qxe4 Bd6 16. c4 Nf6 17. Qe2 c5 18. Bc3 Rhe8 19. Kb1 Qc6 20. Rh4 b6 21.
Ne5 Bxe5 22. Qxe5 Qf3 23. Rd2 cxd4 24. Bxd4 Rd7 25. Qe3 Qf5+ 26. Kc1 Red8 27.
Bc3 Rxd2 28. Bxd2 Ng4 29. Qa3 Qxf2 30. Qc3 f5 31. Rh1 Nf6 32. Bf4 Qd4 33. Qxd4
Rxd4 34. b3 Rd7 35. Re1 Ne4 36. Kc2 Re7 37. Be5 Kd7 38. Rd1+ Ke8 39. Re1 Kf7
40. g4 Nf6 41. Bxf6 Kxf6 42. gxf5 Kxf5 43. Rg1 Rd7 44. Kc3 e5 45. b4 e4 46. c5
bxc5 47. bxc5 e3 48. c6 Rc7 49. Kd3 e2 50. Kxe2 Rxc6 1/2-1/2

[Event "SR 2. liga A 2012/2013"]
[Site "?"]
[Date "2013.02.02"]
[Round "7.6"]
[White "Liptak, Dusan"]
[Black "Hecko, Dusan"]
[Result "0-1"]
[WhiteElo "2060"]
[BlackElo "2073"]
[Annotator "Fritz 12 (20s)"]
[PlyCount "96"]
[EventDate "2012.??.??"]

{D85: Exchange Grünfeld: Unusual White 7th moves and lines with 7 Nf3} 1. d4
Nf6 2. c4 g6 3. Nc3 d5 4. cxd5 Nxd5 5. e4 Nxc3 6. bxc3 Bg7 7. Be3 O-O 8. Nf3 c5
9. Rc1 cxd4 (9... Qa5 10. Qd2 cxd4 11. cxd4 Qxd2+ 12. Nxd2 e6 $16) 10. cxd4 Nc6
11. Qd2 {N} (11. d5 Ne5 12. Nxe5 Bxe5 $14) 11... Bg4 $14 12. d5 Bxf3 13. gxf3
Ne5 14. Be2 f5 $5 (14... Qd7) 15. h4 fxe4 16. fxe4 $14 Nf3+ 17. Bxf3 $16 Rxf3
18. h5 Rc8 19. Ke2 Rxc1 20. Rxc1 Rf8 21. hxg6 hxg6 22. Qb4 (22. Bxa7 $6 Qd7 23.
Qe3 Qa4 $14) 22... Qd7 23. Qc4 Be5 24. a4 Kg7 25. Qb5 Qg4+ $14 26. Kd3 b6 27.
Qc6 Rd8 (27... Bb2 $142 $5 28. Rb1 Bf6 $11) 28. f4 $16 Bxf4 29. Rg1 $18 Bg3 30.
Qb7 (30. Bd4+ Kg8 31. Rh1 e5 $18) 30... Rd7 31. Qa8 $2 (31. Bd4+ $142 {
was much better} Kf7 32. Rf1+ Bf4 33. Rxf4+ Qxf4 34. Qxd7 Qf1+ 35. Ke3 Qc1+ 36.
Kf3 Qd1+ 37. Ke3 Qc1+ 38. Ke2 Qc4+ 39. Kf3 Qxd4 40. Qe6+ Kf8 41. Qxg6 Qxa4 42.
Qf5+ Ke8 43. Qc8+ Kf7 44. Qe6+ Kf8 45. Qf5+ Kg7 46. Qe5+ Kf7 47. Qe6+ Kf8 48.
Qf5+ $11) 31... Qf3 $19 32. Qe8 Rc7 33. Kd2 Qxe4 34. Rxg3 Qc2+ (34... Rc2+ 35.
Ke1 Qb4+ 36. Bd2 Qxd2+ 37. Kf1 Qf2#) 35. Ke1 $11 Qb1+ 36. Ke2 Qc2+ 37. Bd2 Qc4+
38. Kf2 Qd4+ 39. Ke1 Qe4+ 40. Kf1 Qh1+ 41. Kf2 Qh2+ 42. Kf3 Qh1+ 43. Ke3 $14
Qh5 44. Qb5 Rc2 45. Qd3 $4 (45. Qe2 $142 {is the best option White has} Qxd5
46. Qd3 Qxd3+ 47. Kxd3 $11) 45... Qh6+ $17 46. Ke2 Rxd2+ $1 $19 47. Qxd2 Qh2+
48. Kd1 Qxg3 0-1

[Event "SR 2. liga A 2012/2013"]
[Site "?"]
[Date "2013.02.17"]
[Round "9.5"]
[White "Hecko, Dusan"]
[Black "Fabry, Robert"]
[Result "1/2-1/2"]
[WhiteElo "2073"]
[BlackElo "1992"]
[Annotator "Fritz 12 (20s)"]
[PlyCount "28"]
[EventDate "2012.??.??"]

{A16: English Opening: 1...Nf6 with ...d5} 1. c4 Nf6 2. Nc3 d5 3. cxd5 Nxd5 4.
g3 g6 5. Bg2 Nb6 6. Nf3 Bg7 7. O-O e5 {N} (7... Nc6 8. d3 $14) 8. d3 $16 O-O 9.
Bg5 Qd7 10. Qd2 Nc6 $14 11. Bh6 Qe7 12. Bxg7 Kxg7 13. Rac1 Rd8 14. Ne4 (14. Qe3
f6 $14) 14... Nd4 1/2-1/2

[Event "SR 2. liga A 2012/2013"]
[Site "?"]
[Date "2013.03.17"]
[Round "11.4"]
[White "Hecko, Dusan"]
[Black "Szollos, Ondrej"]
[Result "1-0"]
[WhiteElo "2073"]
[BlackElo "1979"]
[Annotator "Fritz 12 (20s)"]
[PlyCount "77"]
[EventDate "2012.??.??"]

{B23: Closed Sicilian: Lines without g3} 1. e4 c5 2. Nc3 a6 3. b3 d6 4. Bb2 Nf6
5. f4 Nc6 6. Nf3 e6 7. Be2 {N} Nd4 8. O-O $16 b5 9. e5 Nd7 10. exd6 (10. a4
dxe5 11. fxe5 bxa4 12. Nxa4 Nxe2+ 13. Qxe2 $16) 10... Nxe2+ $2 (10... Bb7 $142
$14) 11. Qxe2 $18 Nf6 12. Ne4 Nxe4 13. Qxe4 Ra7 14. f5 Qxd6 15. Rae1 f6 16. d4
Rc7 17. Qg4 Kf7 $2 (17... Qd5 $142 18. fxe6 cxd4 19. Bxd4 Re7 $18) 18. fxe6+
Kg8 19. dxc5 Qxc5+ 20. Bd4 h5 21. Qg6 Qd5 22. c4 (22. e7 $5 Bxe7 23. Bxf6 Bf8
$18) 22... bxc4 23. bxc4 $2 (23. e7 Bxe7 (23... Rxe7 $4 24. Rxe7 Bxe7 25. Qe8+
Bf8 26. Qxc8 cxb3 27. axb3 $18) 24. Bxf6 Bf8 $18) 23... Qc6 $2 (23... Qxc4 $5
24. Re3 Re7 $11) 24. Qf5 $16 Re7 (24... Qxc4 25. Rc1 Qxc1 26. Rxc1 Rxc1+ 27.
Kf2 Rc6 $18) 25. Ng5 $1 $18 Rh6 26. Bc5 Re8 27. Bxf8 Kxf8 28. Qd5 Bb7 29. e7+
$1 Rxe7 30. Ne6+ (30. Qd8+ $142 Qe8 31. Rxe7 Qxd8 32. Rf7+ Kg8 33. Rxg7+ Kxg7
34. Ne6+ Kg6 35. Nxd8 $16) 30... Rxe6 $4 31. Rxe6 $18 Qxd5 32. cxd5 Rg6 33. Rf2
Kg8 34. d6 Bc6 35. Rc2 Bb5 36. Rc8+ Kh7 37. Rc7 Rg5 38. Ree7 h4 39. h3 1-0

[Event "SR 2. liga A 2012/2013"]
[Site "?"]
[Date "2013.02.02"]
[Round "37.1"]
[White "Zatko, Gregor"]
[Black "Rohacek, Miroslav"]
[Result "0-1"]
[WhiteElo "2148"]
[BlackElo "2308"]
[PlyCount "126"]
[EventDate "2012.??.??"]
[WhiteTeam "DNV B"]
[BlackTeam "KSN"]

1. Nf3 d5 2. d4 c5 3. c3 e6 4. Bf4 Nc6 5. e3 Nf6 6. Nbd2 Bd6 7. Bg3 O-O 8. Bd3
Qe7 9. Ne5 Nd7 10. Nxd7 Bxd7 11. Bxd6 Qxd6 12. dxc5 Qxc5 13. Bxh7+ Kxh7 14.
Qh5+ Kg8 15. Ne4 Qc4 16. Ng5 Rfd8 17. Qxf7+ Kh8 18. Qh5+ Kg8 19. Qh7+ Kf8 20.
Qh8+ Ke7 21. Qxg7+ Kd6 22. Nf7+ Kc5 23. Nxd8 Rxd8 24. h4 e5 25. Rd1 d4 26. h5
dxe3 27. Rxd7 exf2+ 28. Kxf2 Qf4+ 29. Ke2 Qe4+ 30. Kd1 Rxd7+ 31. Qxd7 Qb1+ 32.
Kd2 Qxh1 33. b4+ Kb6 34. Qg4 Qa1 35. Qg8 Qb2+ 36. Kd3 Qb1+ 37. Kd2 e4 38. Qc4
Qb2+ 39. Ke1 Qc1+ 40. Ke2 Qc2+ 41. Ke1 a6 42. a4 Qc1+ 43. Ke2 Qg5 44. Qxe4
Qxh5+ 45. g4 Qh2+ 46. Ke3 Qg3+ 47. Kd2 Qd6+ 48. Ke3 Ne5 49. g5 Kc7 50. c4 Ng6
51. c5 Qg3+ 52. Kd4 Qxg5 53. b5 Qf4 54. Kd5 Qxe4+ 55. Kxe4 a5 56. Kd5 Ne7+ 57.
Ke6 Nc8 58. Kd5 Ne7+ 59. Ke6 Ng6 60. Kf5 Nf8 61. Ke5 Nd7+ 62. Kd4 b6 63. cxb6+
Nxb6 0-1

[Event "SR 2. liga A 2012/2013"]
[Site "?"]
[Date "2013.02.02"]
[Round "37.3"]
[White "Szollos, Ondrej"]
[Black "Kovac, Andrej"]
[Result "0-1"]
[WhiteElo "1979"]
[BlackElo "2148"]
[PlyCount "48"]
[EventDate "2012.??.??"]
[WhiteTeam "DNV B"]
[BlackTeam "KSN"]

1. b3 e5 2. Bb2 d6 3. e3 Nf6 4. d3 g6 5. Nf3 Bg7 6. Be2 O-O 7. O-O Ne8 8. Qc1
f5 9. Nbd2 Nc6 10. c4 g5 11. h3 h5 12. d4 g4 13. hxg4 hxg4 14. Nh2 exd4 15.
exd4 Nxd4 16. Re1 c5 17. Ndf1 Bd7 18. Qd2 Bc6 19. Rad1 Qh4 20. Bxd4 Bxd4 21.
Ne3 g3 22. fxg3 Qxg3 23. Nf3 f4 24. Nxd4 fxe3 0-1